| 000 | 00556nam a2200181Ia 4500 | ||
|---|---|---|---|
| 008 | 100917s9999 xx 000 0 und d | ||
| 082 | _b48789 | ||
| 100 | _aअत्रे प्रल्हाद केशव | ||
| 245 | _aघराबाहेर (आ. 8 वी.) | ||
| 260 |
_bपरचुरे प्रकाशन _c1980 |
||
| 300 | _a75 | ||
| 365 | _b10 | ||
| 520 | _aनाटक | ||
| 630 | _aघराबाहेर (आ. 8 वी.) | ||
| 650 | _aनाटक | ||
| 730 | _aघराबाहेर (आ. 8 वी.) | ||
| 942 | _cBOOK | ||
| 999 |
_c654183 _d654180 |
||